Normal view MARC view
  • BPT

Entry Topical Term

Number of records used in: 1

001 - CONTROL NUMBER

  • control field: 8147

003 - CONTROL NUMBER IDENTIFIER

  • control field: JRU

005 - DATE AND TIME OF LATEST TRANSACTION

  • control field: 20230821120045.0

008 - FIXED-LENGTH DATA ELEMENTS

  • fixed length control field: 230821|| aca||aabn | a|a d

040 ## - CATALOGING SOURCE

  • Original cataloging agency: JRU
  • Transcribing agency: JRU

150 ## - HEADING--TOPICAL TERM

  • Topical term or geographic name as entry element: BPT

670 ## - SOURCE DATA FOUND

  • Source citation: Work cat.: (JRU)8404: KOSHI, DR. RECHEL 8146, CUNNINGHAM'S MANUAL OF PRACTICAL ANATOMY:THORAX AND ABDOMEN [VOL-2], 2017